Contemporary engineering economics (Record no. 2014)

000 -LEADER
fixed length control field 00571nam a22002054a 4500
001 - CONTROL NUMBER
control field 2014
003 - CONTROL NUMBER IDENTIFIER
control field BD-DhUET
008 - FIXED-LENGTH DATA ELEMENTS--GENERAL INFORMATION
fixed length control field 160220b xxu||||| |||| 00| 0 eng d
020 ## - INTERNATIONAL STANDARD BOOK NUMBER
International Standard Book Number 0130893102
040 ## - CATALOGING SOURCE
Original cataloging agency DLC
Transcribing agency DLC
Modifying agency BD-DhUET
Language of cataloging 0
082 00 - DEWEY DECIMAL CLASSIFICATION NUMBER
Classification number 658.15
Item number PAR/2002
100 1# - MAIN ENTRY--PERSONAL NAME
Personal name Park, Chan S.
245 10 - TITLE STATEMENT
Title Contemporary engineering economics
Statement of responsibility, etc. by Chan S. Park
250 ## - EDITION STATEMENT
Edition statement 3rd ed.
260 ## - PUBLICATION, DISTRIBUTION, ETC. (IMPRINT)
Place of publication, distribution, etc. New Jersey
Name of publisher, distributor, etc. Prentice Hall
Date of publication, distribution, etc. 2002
300 ## - PHYSICAL DESCRIPTION
Extent xxxi, 920 p.
Other physical details ill. (some col.), map
Dimensions 24 cm.
504 ## - BIBLIOGRAPHY, ETC. NOTE
Bibliography, etc Includes bibliographies
650 #0 - SUBJECT ADDED ENTRY--TOPICAL TERM
Topical term or geographic name as entry element Engineering economy
942 ## - ADDED ENTRY ELEMENTS (KOHA)
Koha item type General Book
Holdings
Copy number Koha item type Shelving location Withdrawn status Koha full call number Lost status Location (home branch) Koha date last borrowed Damaged status Koha date last seen Sublocation or collection (holding branch) Koha normalized classification for sorting Price effective from Piece designation (barcode) Koha issues (times borrowed) Not for loan Source of classification or shelving scheme Date acquired
1General BookCirculation section 658.15/PAR/2002 Central Library, BUET  2014-09-16Central Library, BUET658_000000000000000_15PAR20022014-09-16102575   2014-09-16
2General BookCirculation section 658.15/PAR/2002 Central Library, BUET  2014-09-16Central Library, BUET658_000000000000000_15PAR20022014-09-16102580   2014-09-16
3General BookCirculation section 658.15/PAR/2002 Central Library, BUET2018-11-12 2019-04-13Central Library, BUET658_000000000000000_15PAR20022014-09-161025741  2014-09-16
4General BookCirculation section 658.15/PAR/2002 Central Library, BUET  2014-09-16Central Library, BUET658_000000000000000_15PAR20022014-09-16102579   2014-09-16
5General BookCirculation section 658.15/PAR/2002 Central Library, BUET  2014-09-16Central Library, BUET658_000000000000000_15PAR20022014-09-16102581   2014-09-16
6General BookCirculation section 658.15/PAR/2002 Central Library, BUET  2014-09-16Central Library, BUET658_000000000000000_15PAR20022014-09-16102576   2014-09-16
7General BookCirculation section 658.15/PAR/2002 Central Library, BUET  2014-09-16Central Library, BUET658_000000000000000_15PAR20022014-09-16102578   2014-09-16
8General BookCirculation section 658.15/PAR/2002 Central Library, BUET  2014-09-16Central Library, BUET658_000000000000000_15PAR20022014-09-16102577   2014-09-16
9General BookCirculation section 658.15/PAR/2002 Central Library, BUET  2014-09-16Central Library, BUET658_000000000000000_15PAR20022014-09-16102573   2014-09-16
10General BookCirculation section 658.15/PAR/2002 Central Library, BUET  2017-04-15Central Library, BUET658_150000000000000_PAR_20022017-04-15102582   2006-06-26